000
00312nam a22001337a 4500
008
170202b x9780763745127xu||||| |||| 00| 0 eng d
020
_a
9780763745127
041
_a
eng
080
_a
61
100
_a
3
101
_a
SHM
245
_a
DELIVERING HEALTH CARE IN AMERICA
_c
DOUGLAS.SH
942
_2
udc
_c
BK
999
_c
4344
_d
4344